| 000 | 00686cam a2200253 4500 | ||
|---|---|---|---|
| 001 | 844350 | ||
| 003 | OSt | ||
| 005 | 20220329120415.0 | ||
| 008 | 710826s1971 enk 001 0 eng | ||
| 010 | _a 77587465 | ||
| 015 | _aB71-01686 | ||
| 020 | _a0510472508 | ||
| 040 |
_aDLC _cHU _dDLC |
||
| 050 | 0 | 0 |
_aTS825 _b.B33 |
| 082 | 0 | 0 | _a674/.0021/2 |
| 100 | 1 |
_aBaker, James Stanley. _934443 |
|
| 245 | 1 | 0 |
_aPrince metric timber ready reckoner; _ccompiled by J. S. Baker. |
| 260 |
_aLondon, _bBenn, _c1971. |
||
| 300 |
_a238 p. _c21 cm. |
||
| 350 | _a£1.50 | ||
| 650 | 0 |
_aLumber _xMeasurement. _934444 |
|
| 906 |
_a7 _bcbc _corignew _d3 _encip _f19 _gy-gencatlg |
||
| 942 |
_2ddc _cBOOKS _n0 |
||
| 999 |
_c33835 _d33835 |
||